000 00691nam a2200229Ia 4500
005 20250508165108.0
008 008 250505s9999 xx 000 0 hin d
020 _a0-86125-989-0
037 _aTextual
040 _aFEDL
_beng
_cFEDL
041 _ahin
_2eng
084 _a954, KOS
_qFEDL
100 _aKosambi Damodar Dharmanand
245 0 _aPrachin bharat ki sanskriti aur sabhyata
250 _a3
260 _aNew Delhi, India
_bRajkamal Prakashan
300 _a299p
546 _aMACESE; Acc. No. 083856 is Rs.175/-;Acc. No.086760 is Rs. 250/-; Acc No. 086761 is Rs.60/-
650 _aCulture - India
942 _cTEXL
_h954, KOS
999 _c1393129
_d1393129